[Event "Kirov Chudinovskikh Memorial 5th"]
[Site "Kirov"]
[Date "2018.08.10"]
[Round "10"]
[White "Shustov, Dmitrij"]
[Black "Uraev, Ivan"]
[Result "0-1"]
[WhiteElo "1760"]
[BlackElo "2280"]
[PlyCount "60"]
[EventDate "2018.07.29"]
[EventType "swiss"]
[EventRounds "10"]
[EventCountry "RUS"]
[SourceTitle "CBM 186 Extra"]
[Source "ChessBase"]
[SourceDate "2018.08.24"]
[SourceVersion "1"]
[SourceVersionDate "2018.08.24"]
[SourceQuality "1"]

1. d4 Nf6 2. g3 e6 3. Bg2 c5 4. Nf3 cxd4 5. Nxd4 a6 6. e4 d6 7. 0-0 Qc7 8. Qd3 Nbd7 9. f4 Be7 10. c4 0-0 11. Nc3 Re8 12. b3 Bf8 13. f5 Ne5 14. Qe2 b5 15. fxe6 fxe6 16. Bg5 Be7 17. Rac1 bxc4 18. Na4 Qa7 19. Be3 Nfg4 20. Nc2 Nxe3 21. Qxe3 cxb3 22. axb3 Bg5 23. Qxa7 Rxa7 24. Rcd1 Rc7 25. Nd4 Be3+ 26. Kh1 Ng4 27. Bh3 Nf2+ 28. Rxf2 Bxf2 29. Nb6 Bb7 30. Nxe6 Bxe4+ 0-1

[Event "Kirov Chudinovskikh Memorial 5th"]
[Site "Kirov"]
[Date "2018.08.07"]
[Round "7"]
[White "Uraev, Ivan"]
[Black "Malyshev, Evgeny2222"]
[Result "1/2-1/2"]
[WhiteElo "2280"]
[BlackElo "1993"]
[PlyCount "68"]
[EventDate "2018.07.29"]
[EventType "swiss"]
[EventRounds "10"]
[EventCountry "RUS"]
[SourceTitle "CBM 186 Extra"]
[Source "ChessBase"]
[SourceDate "2018.08.24"]
[SourceVersion "1"]
[SourceVersionDate "2018.08.24"]
[SourceQuality "1"]

1. d4 Nf6 2. c4 e6 3. Nf3 b6 4. a3 Bb7 5. Nc3 d5 6. Bg5 Be7 7. e3 Nbd7 8. cxd5 exd5 9. Bd3 0-0 10. Qc2 Ne4 11. Bf4 Ndf6 12. 0-0 c5 13. dxc5 bxc5 14. Na4 Rc8 15. Ng5 Qa5 16. Nxe4 Nxe4 17. f3 Nf6 18. Bf5 Rc6 19. Rfd1 Bc8 20. Bxc8 Rcxc8 21. Rac1 h6 22. b3 Rfd8 23. Be5 Qa6 24. Bb2 Qe6 25. Kh1 Nd7 26. Re1 Nb6 27. Nc3 Bf6 28. Rcd1 Qc6 29. Ne2 a5 30. Nf4 Bxb2 31. Qxb2 a4 32. Nh5 f6 33. b4 Nc4 34. Qc2 Qe8 1/2-1/2

[Event "Kirov Chudinovskikh Memorial 5th"]
[Site "Kirov"]
[Date "2018.08.01"]
[Round "1"]
[White "Uraev, Ivan"]
[Black "Seidov, Georgij"]
[Result "1-0"]
[WhiteElo "2280"]
[BlackElo "1756"]
[PlyCount "57"]
[EventDate "2018.07.29"]
[EventType "swiss"]
[EventRounds "10"]
[EventCountry "RUS"]
[SourceTitle "CBM 186 Extra"]
[Source "ChessBase"]
[SourceDate "2018.08.24"]
[SourceVersion "1"]
[SourceVersionDate "2018.08.24"]
[SourceQuality "1"]

1. e4 e5 2. Nc3 Nc6 3. g3 d6 4. Bg2 Nf6 5. Nge2 b6 6. 0-0 Be7 7. h3 Bb7 8. f4 0-0 9. d3 Nd4 10. Nxd4 exd4 11. Ne2 c5 12. g4 Nd7 13. g5 Rb8 14. Ng3 Re8 15. h4 Bf8 16. h5 g6 17. Qg4 Bc8 18. Bd2 Bg7 19. Qh4 b5 20. Rf2 c4 21. Bf1 cxd3 22. cxd3 Nc5 23. hxg6 hxg6 24. f5 gxf5 25. exf5 f6 26. g6 Nd7 27. Qh7+ Kf8 28. Bh6 Re7 29. Qh8# 1-0

[Event "Moscow op-A 14th"]
[Site "Moscow"]
[Date "2018.02.04"]
[Round "9"]
[White "Shinkevich, Vitaly"]
[Black "Uraev, Ivan"]
[Result "1/2-1/2"]
[WhiteElo "2454"]
[BlackElo "2304"]
[PlyCount "83"]
[EventDate "2018.01.27"]
[EventType "swiss"]
[EventRounds "9"]
[EventCountry "RUS"]
[SourceTitle "CBM 182 Extra"]
[Source "ChessBase"]
[SourceDate "2018.02.23"]
[SourceVersion "1"]
[SourceVersionDate "2018.02.23"]
[SourceQuality "1"]

1. d4 Nf6 2. Nf3 e6 3. c4 b6 4. a3 Bb7 5. Nc3 d5 6. cxd5 Nxd5 7. e4 Nxc3 8. bxc3 Bxe4 9. Ne5 Bb7 10. Qh5 g6 11. Bb5+ c6 12. Qf3 Qc7 13. Bd3 Bg7 14. Bf4 Qe7 15. Nc4 e5 16. dxe5 0-0 17. 0-0 c5 18. Qg3 Ba6 19. Rfe1 Nc6 20. e6 Bxc3 21. Nd6 Bxe1 22. Rxe1 Bxd3 23. exf7+ Rxf7 24. Rxe7 Rxe7 25. h4 Nd4 26. Qg5 Re6 27. Be5 Nf5 28. Nxf5 Bxf5 29. f4 Rae8 30. h5 Bd3 31. Bc3 c4 32. hxg6 hxg6 33. Qh6 R8e7 34. Qh8+ Kf7 35. Bb4 a5 36. Bxe7 Kxe7 37. g4 Rc6 38. Qc3 Kd7 39. Kf2 Re6 40. f5 gxf5 41. gxf5 Bxf5 42. Qxc4 1/2-1/2

[Event "Moscow op-A 14th"]
[Site "Moscow"]
[Date "2018.01.30"]
[Round "4"]
[White "Uraev, Ivan"]
[Black "Ismagilov, Damir"]
[Result "1-0"]
[WhiteElo "2304"]
[BlackElo "2143"]
[PlyCount "91"]
[EventDate "2018.01.27"]
[EventType "swiss"]
[EventRounds "9"]
[EventCountry "RUS"]
[SourceTitle "CBM 182 Extra"]
[Source "ChessBase"]
[SourceDate "2018.02.23"]
[SourceVersion "1"]
[SourceVersionDate "2018.02.23"]
[SourceQuality "1"]

1. Nf3 d5 2. g3 Nf6 3. Bg2 b5 4. 0-0 Bb7 5. d3 e6 6. Nbd2 Be7 7. e4 0-0 8. e5 Nfd7 9. Re1 c5 10. Nf1 Nc6 11. h4 Qc7 12. Bf4 Rae8 13. h5 Qb6 14. h6 g6 15. Ne3 f6 16. exf6 Bxf6 17. c3 b4 18. Ng4 Bh8 19. Bd6 Ne7 20. Rxe6 Nf5 21. Rxe8 Rxe8 22. Bf4 bxc3 23. bxc3 Qa5 24. Qb3 Bc6 25. Nfe5 Nxe5 26. Nxe5 Bxe5 27. Bxd5+ Kf8 28. Bxe5 Rxe5 29. Bxc6 Qc7 30. Bg2 Re2 31. Qd5 Qe7 32. Qa8+ Kf7 33. Bd5+ Kf6 34. Be4 Kg5 35. Rb1 c4 36. Rb7 Qa3 37. Qd8+ Kxh6 38. Bxf5 Qc1+ 39. Kg2 Rxf2+ 40. Kxf2 Qc2+ 41. Kf3 Qd1+ 42. Kf4 Qf1+ 43. Ke5 Qxf5+ 44. Kd6 Qxd3+ 45. Kc7 Qe3 46. Kc8 1-0

[Event "Moscow op-A 14th"]
[Site "Moscow"]
[Date "2018.01.28"]
[Round "2"]
[White "Uraev, Ivan"]
[Black "Nurgali, Nazerke"]
[Result "0-1"]
[WhiteElo "2304"]
[BlackElo "2182"]
[PlyCount "76"]
[EventDate "2018.01.27"]
[EventType "swiss"]
[EventRounds "9"]
[EventCountry "RUS"]
[SourceTitle "CBM 182 Extra"]
[Source "ChessBase"]
[SourceDate "2018.02.23"]
[SourceVersion "1"]
[SourceVersionDate "2018.02.23"]
[SourceQuality "1"]

1. Nf3 d5 2. b3 Nf6 3. Bb2 e6 4. e3 Be7 5. Be2 0-0 6. 0-0 c5 7. c4 b6 8. d3 Bb7 9. Nbd2 Nbd7 10. a3 Rc8 11. Rc1 Re8 12. Rc2 Bf8 13. Qa1 Qe7 14. cxd5 exd5 15. d4 Ne4 16. dxc5 Ndxc5 17. Nd4 Ne6 18. Rxc8 Rxc8 19. N2f3 Nxd4 20. Nxd4 g6 21. Rd1 Bh6 22. Rc1 Rd8 23. Rf1 Rc8 24. Bd3 Nc5 25. Bb5 a6 26. Be2 Ne4 27. Bg4 Re8 28. Qd1 Nxf2 29. Rxf2 Bxe3 30. g3 Bc8 31. Bf3 Bh3 32. Qe2 Qe5 33. Nc6 Qd6 34. Nd4 Re7 35. Qxa6 Qe5 36. Qe2 Bxd4 37. Qxe5 Rxe5 38. Bg2 Re1+ 0-1

[Event "Kirov Vyatki Cup 6th"]
[Site "Kirov"]
[Date "2017.08.21"]
[Round "5"]
[White "Uraev, Ivan"]
[Black "Shustov, Dmitrij"]
[Result "1-0"]
[WhiteElo "2271"]
[BlackElo "1767"]
[PlyCount "58"]
[EventDate "2017.08.17"]
[EventType "swiss"]
[EventRounds "7"]
[EventCountry "RUS"]
[SourceTitle "CBM 180 Extra"]
[Source "ChessBase"]
[SourceDate "2017.10.06"]
[SourceVersion "1"]
[SourceVersionDate "2017.10.06"]
[SourceQuality "1"]

1. c4 c5 2. Nf3 Nf6 3. g3 b6 4. Bg2 Bb7 5. 0-0 e6 6. Nc3 Be7 7. Re1 0-0 8. e4 d6 9. d4 cxd4 10. Nxd4 a6 11. Be3 Qc7 12. Rc1 Nbd7 13. f4 Rac8 14. f5 e5 15. Nd5 Bxd5 16. cxd5 Qb7 17. Nc6 Nb8 18. Nxe7+ Qxe7 19. Qb3 b5 20. h3 Qd7 21. Qb4 g6 22. g4 gxf5 23. exf5 Ne8 24. Bh6 f6 25. Rxc8 Qxc8 26. Rc1 Qd7 27. Bxf8 Kxf8 28. Kh1 Qf7 29. Rc8 Qe7 1-0

[Event "Kirov Vyatki Cup 6th"]
[Site "Kirov"]
[Date "2017.08.18"]
[Round "1"]
[White "Uraev, Ivan"]
[Black "Seidov, Georgij"]
[Result "1-0"]
[WhiteElo "2271"]
[BlackElo "1785"]
[PlyCount "131"]
[EventDate "2017.08.17"]
[EventType "swiss"]
[EventRounds "7"]
[EventCountry "RUS"]
[SourceTitle "CBM 180 Extra"]
[Source "ChessBase"]
[SourceDate "2017.10.06"]
[SourceVersion "1"]
[SourceVersionDate "2017.10.06"]
[SourceQuality "1"]

1. c4 e5 2. Nc3 Nc6 3. g3 Nf6 4. Bg2 Be7 5. Nf3 d6 6. 0-0 0-0 7. d3 a6 8. a3 h6 9. b4 Rb8 10. Nd5 Nxd5 11. cxd5 Nd4 12. Nd2 Bg4 13. f3 Bd7 14. e3 Nf5 15. Nb3 Ba4 16. Bh3 Bd7 17. Bg2 Ba4 18. Rb1 Bf6 19. Qe2 Re8 20. Bd2 Bg5 21. Na5 Bb5 22. Rbc1 Ne7 23. f4 exf4 24. gxf4 Bf6 25. Be4 Bb2 26. Rc2 f5 27. Bf3 Bf6 28. Bc3 Bxc3 29. Rxc3 b6 30. Nb3 Rc8 31. Nd4 Bd7 32. Kh1 Kh7 33. Rg1 g6 34. Qg2 Rg8 35. Qh3 Rg7 36. Rgc1 Qg8 37. Qg2 g5 38. fxg5 Rxg5 39. Qa2 c5 40. Ne2 Nc6 41. Nf4 cxb4 42. axb4 Nxb4 43. Rxc8 Nxa2 44. Rxg8 Rxg8 45. Rc7 Rg7 46. Nh5 Rf7 47. Rxd7 Rxd7 48. Nf6+ Kg7 49. Nxd7 b5 50. Kg2 Nc3 51. Kf2 a5 52. Ke1 a4 53. Kd2 b4 54. Kc2 Kf7 55. Nb6 Kf6 56. Nc4 Ke7 57. Na5 Kd7 58. Nc6 Na2 59. Kb2 b3 60. Bh5 Kc7 61. d4 Kb6 62. Bg6 Kb5 63. Bxf5 Kc4 64. e4 Nc3 65. e5 dxe5 66. d6 1-0

[Event "Kirov Chudinovskikh Memoriail-A 4th"]
[Site "Kirov"]
[Date "2017.08.01"]
[Round "1"]
[White "Shipitsyn, Pavel"]
[Black "Uraev, Ivan"]
[Result "1/2-1/2"]
[WhiteElo "1915"]
[BlackElo "2271"]
[PlyCount "126"]
[EventDate "2017.07.28"]
[EventType "swiss"]
[EventRounds "9"]
[EventCountry "RUS"]
[SourceTitle "EXT 2018"]
[Source "ChessBase"]
[SourceDate "2017.10.13"]
[SourceVersion "1"]
[SourceVersionDate "2017.10.13"]
[SourceQuality "1"]

1. d4 Nf6 2. Nf3 g6 3. g3 Bg7 4. Bg2 0-0 5. 0-0 d6 6. Nbd2 Nbd7 7. e3 e5 8. dxe5 dxe5 9. b3 Re8 10. Bb2 Qe7 11. Qc1 h6 12. h3 e4 13. Nd4 a6 14. a4 b6 15. Rd1 Bb7 16. Nc4 Bd5 17. Bf1 h5 18. h4 Rad8 19. Ne2 Bxc4 20. bxc4 Qc5 21. Ba3 Qa5 22. Nd4 Ne5 23. Be2 Nfg4 24. c3 c5 25. Kg2 cxd4 26. Bb4 Nd3 27. Rxd3 Qxb4 28. cxb4 exd3 29. Bxg4 dxe3 30. fxe3 d2 31. Qa3 Bxa1 32. Bd1 Bg7 33. c5 bxc5 34. bxc5 Bh6 35. c6 Bxe3 36. a5 Bh6 37. c7 Rc8 38. Qd6 Kh7 39. Qd7 Rf8 40. Kf2 Bg7 41. Ke2 Be5 42. Qe7 Bxc7 43. Kf1 Bxa5 44. Bb3 Rce8 45. Qc5 Bd8 46. Kg2 Re2+ 47. Kh3 Be7 48. Qc4 Re3 49. Bc2 Bd6 50. Kg2 Rxg3+ 51. Kf2 Rg4 52. Qd5 Bg3+ 53. Kf3 Bxh4 54. Qxh5+ Kg7 55. Qxg4 Bf6 56. Qc4 a5 57. Bb3 Kh6 58. Qf4+ Bg5 59. Qh2+ Kg7 60. Qe5+ Kh6 61. Qh2+ Kg7 62. Qe5+ Kh6 63. Qh2+ Kg7 1/2-1/2

[Event "KIrov Arakelian Memorial 7th"]
[Site "Kirov"]
[Date "2017.05.20"]
[Round "9"]
[White "Suleimanov, Konstantin"]
[Black "Uraev, Ivan"]
[Result "0-1"]
[WhiteElo "1680"]
[BlackElo "2234"]
[PlyCount "62"]
[EventDate "2017.05.12"]
[EventType "swiss"]
[EventRounds "9"]
[EventCountry "RUS"]
[SourceTitle "EXT 2018"]
[Source "ChessBase"]
[SourceDate "2017.10.13"]
[SourceVersion "1"]
[SourceVersionDate "2017.10.13"]
[SourceQuality "1"]

1. e4 c6 2. d4 d5 3. exd5 cxd5 4. Bd3 Nc6 5. h3 g6 6. c3 Bg7 7. Bf4 a6 8. a4 f6 9. Ne2 e5 10. dxe5 fxe5 11. Bh2 Nge7 12. 0-0 0-0 13. Qb3 Kh8 14. c4 Na5 15. Qc3 e4 16. Be5 Bxe5 17. Qxe5+ Kg8 18. Bc2 Nxc4 19. Qc3 Be6 20. Na3 Nxa3 21. Rxa3 Rc8 22. Qb3 Bf7 23. Nd4 Rc4 24. Rd1 Qc7 25. Bb1 Nc6 26. Nxc6 bxc6 27. Qe3 Rb4 28. Qe2 Qb6 29. a5 Qb7 30. Ba2 Rxb2 31. Rd2 Rb8 0-1

[Event "KIrov Arakelian Memorial 7th"]
[Site "Kirov"]
[Date "2017.05.18"]
[Round "7"]
[White "Uraev, Ivan"]
[Black "Shuljya, Alexander"]
[Result "1-0"]
[WhiteElo "2234"]
[BlackElo "1752"]
[PlyCount "89"]
[EventDate "2017.05.12"]
[EventType "swiss"]
[EventRounds "9"]
[EventCountry "RUS"]
[SourceTitle "EXT 2018"]
[Source "ChessBase"]
[SourceDate "2017.10.13"]
[SourceVersion "1"]
[SourceVersionDate "2017.10.13"]
[SourceQuality "1"]

1. d4 Nf6 2. Bg5 e6 3. Nf3 d5 4. c4 h6 5. Bh4 c6 6. e3 Nbd7 7. Nc3 Be7 8. cxd5 exd5 9. Bd3 0-0 10. Qc2 Re8 11. 0-0-0 Ne4 12. Bxe4 dxe4 13. Qxe4 Nf6 14. Qc2 Nd5 15. Bxe7 Qxe7 16. Ne5 f6 17. Nc4 Be6 18. a3 b5 19. Na5 b4 20. Nxc6 Qb7 21. Nxb4 Rec8 22. Nbxd5 Bxd5 23. f3 Bb3 24. Qe4 Qxe4 25. fxe4 Bxd1 26. Rxd1 Kf7 27. Rf1 Ke6 28. Rf5 a6 29. Ra5 Kd6 30. Kd2 Re8 31. Kd3 Kc6 32. b4 Reb8 33. e5 fxe5 34. Rxe5 Kd6 35. Ne4+ Kc6 36. Re6+ Kd7 37. Nc5+ Kd8 38. Kc4 Rc8 39. d5 Ra7 40. e4 a5 41. b5 Rac7 42. Rc6 Rxc6 43. bxc6 Kc7 44. e5 Rf8 45. Ne6+ 1-0

[Event "Moscow op-A"]
[Site "Moscow"]
[Date "2016.01.31"]
[Round "2"]
[White "Uraev, Ivan"]
[Black "Tsvetkov, Andrey"]
[Result "1-0"]
[WhiteElo "2302"]
[BlackElo "2028"]
[PlyCount "77"]
[EventDate "2016.01.30"]
[EventType "swiss"]
[EventRounds "9"]
[EventCountry "RUS"]
[SourceTitle "CBM 170 Extra"]
[Source "ChessBase"]
[SourceDate "2016.02.25"]
[SourceVersion "1"]
[SourceVersionDate "2016.02.25"]
[SourceQuality "1"]

1. g3 d5 2. Bg2 Nf6 3. Nf3 g6 4. 0-0 Bg7 5. d3 Nbd7 6. Nbd2 0-0 7. e4 dxe4 8. dxe4 e5 9. Qe2 Qe7 10. Nc4 b6 11. b3 Bb7 12. Ba3 c5 13. Nfd2 Rfd8 14. Bb2 Ne8 15. Ne3 Nd6 16. c4 Rf8 17. Nd5 Bxd5 18. cxd5 Rae8 19. Nc4 f5 20. Nxd6 Qxd6 21. f3 f4 22. Qa6 g5 23. Bh3 Nf6 24. Be6+ Kh8 25. gxf4 gxf4 26. Kh1 Rxe6 27. dxe6 Qxe6 28. Rg1 Nh5 29. Rg4 Nf6 30. Rg5 Qh3 31. Qf1 Qh4 32. Qg2 Nh5 33. Rg4 Qe7 34. Rg1 Rd8 35. Qh3 Qf7 36. Rg5 Ng3+ 37. hxg3 fxg3 38. Qxg3 Rd2 39. Bxe5 1-0

[Event "Moscow op-A"]
[Site "Moscow"]
[Date "2016.01.30"]
[Round "1"]
[White "Paravyan, David"]
[Black "Uraev, Ivan"]
[Result "1-0"]
[WhiteElo "2509"]
[BlackElo "2302"]
[PlyCount "107"]
[EventDate "2016.01.30"]
[EventType "swiss"]
[EventRounds "9"]
[EventCountry "RUS"]
[SourceTitle "CBM 170 Extra"]
[Source "ChessBase"]
[SourceDate "2016.02.25"]
[SourceVersion "1"]
[SourceVersionDate "2016.02.25"]
[SourceQuality "1"]

1. e4 c5 2. Be2 e6 3. f4 Nc6 4. Nf3 d5 5. d3 Nf6 6. e5 Nd7 7. c4 Nb6 8. 0-0 Be7 9. Be3 0-0 10. Bf2 a5 11. Nc3 a4 12. Nb5 d4 13. Nd2 Na7 14. Na3 Bd7 15. Bf3 Qc7 16. Be4 Bc6 17. Qh5 g6 18. Qh3 Rae8 19. Bxc6 Qxc6 20. Rae1 Nd7 21. Bh4 f5 22. exf6 Bxf6 23. Ne4 Bg7 24. Ng5 Rf5 25. g4 Rff8 26. Re2 h6 27. Ne4 Rf7 28. Bg3 Nf6 29. Rfe1 Nxe4 30. Rxe4 Rff8 31. Qg2 Kh7 32. Qe2 e5 33. fxe5 Re6 34. Qg2 Qe8 35. R4e2 Rf7 36. Qd5 b6 37. Nb5 Nxb5 38. cxb5 Rd7 39. Qc4 Ra7 40. b4 axb3 41. axb3 Ra5 42. b4 Rxb5 43. bxc5 bxc5 44. Qd5 Qe7 45. Ra2 Rbb6 46. Ra8 Qg5 47. Qxc5 Qxg4 48. Qc8 h5 49. Qg8+ Kh6 50. Ra7 Bxe5 51. Qh7+ Kg5 52. h4+ Kf5 53. Qf7+ Bf6 54. Rf1+ 1-0

[Event "Kirov Chudinovskikh Memorial 2nd"]
[Site "Kirov"]
[Date "2015.07.17"]
[Round "10"]
[White "Kharitonov, Alexey"]
[Black "Uraev, Ivan"]
[Result "0-1"]
[WhiteElo "2237"]
[BlackElo "2254"]
[PlyCount "174"]
[EventDate "2015.07.02"]
[EventType "tourn"]
[EventRounds "10"]
[EventCountry "RUS"]
[SourceTitle "EXT 2016"]
[Source "ChessBase"]
[SourceDate "2015.10.08"]
[SourceVersion "1"]
[SourceVersionDate "2015.10.08"]
[SourceQuality "1"]

1. e4 c5 2. Nf3 d6 3. Bb5+ Nd7 4. d4 cxd4 5. Qxd4 e6 6. 0-0 a6 7. Bc4 Ngf6 8. a3 Qc7 9. Ba2 Be7 10. Nc3 0-0 11. Bg5 Re8 12. Rad1 b5 13. Rfe1 Bb7 14. h3 Rac8 15. Bh4 Nc5 16. Nd2 h6 17. Kh1 Bc6 18. f3 Red8 19. Nf1 a5 20. Ne3 Na6 21. Bg3 b4 22. Ne2 Bb5 23. c4 Be8 24. Rc1 Qb7 25. Red1 Nc5 26. Qd2 Ba4 27. Rf1 Nh5 28. Bh2 Bg5 29. Nd4 Bh4 30. Qe2 Ng3+ 31. Bxg3 Bxg3 32. b3 Be8 33. a4 Bf4 34. Rcd1 Qe7 35. Rg1 Qh4 36. Nf1 Be5 37. Qd2 d5 38. exd5 exd5 39. Qe3 Bf4 40. Qe2 Qh5 41. cxd5 Qxd5 42. Ne3 Qe5 43. Nc4 Qg5 44. Qf2 Bg3 45. Qe2 Bd7 46. Nb5 Qh4 47. Rd4 Qh5 48. Rgd1 Re8 49. Qf1 Bxb5 50. axb5 Ne6 51. Rd5 Qh4 52. Bb1 Nf4 53. R5d4 Rb8 54. Nd6 Re5 55. Qc4 Qe7 56. Re4 Rf8 57. Nf5 Rxe4 58. Nxe7+ Rxe7 59. Be4 Kh8 60. Qc5 Ree8 61. b6 f5 62. Bb1 Rd8 63. Rf1 Ne2 64. f4 Nxf4 65. Bc2 Rc8 66. Qe3 Rc3 67. Qd2 Nh5 68. Rxf5 Re8 69. Rxh5 Rce3 70. Rxh6+ gxh6 71. Qd4+ R8e5 72. Qd8+ Kg7 73. Qd7+ Re7 74. Qg4+ Kf8 75. Qc8+ Kg7 76. Qg4+ Kh8 77. Qd4+ R7e5 78. Qd8+ Kg7 79. Qd7+ Kf6 80. Qd6+ Re6 81. Qf8+ Ke5 82. Qc5+ Kf6 83. Qf8+ Ke5 84. Qf5+ Kd4 85. Qg4+ Kc3 86. Qc4+ Kb2 87. Bd3 Rxd3 0-1

[Event "Kirov Chudinovskikh Memorial 2nd"]
[Site "Kirov"]
[Date "2015.07.16"]
[Round "9"]
[White "Uraev, Ivan"]
[Black "Ljashenko, Konstantin"]
[Result "1-0"]
[WhiteElo "2254"]
[BlackElo "2102"]
[PlyCount "49"]
[EventDate "2015.07.02"]
[EventType "tourn"]
[EventRounds "10"]
[EventCountry "RUS"]
[SourceTitle "EXT 2016"]
[Source "ChessBase"]
[SourceDate "2015.10.08"]
[SourceVersion "1"]
[SourceVersionDate "2015.10.08"]
[SourceQuality "1"]

1. e4 d5 2. exd5 Qxd5 3. Nc3 Qa5 4. d4 c6 5. Bc4 e6 6. Nf3 Nf6 7. 0-0 Bd6 8. Re1 0-0 9. Ne5 Nbd7 10. Qe2 c5 11. Nxf7 Bxh2+ 12. Kxh2 cxd4 13. Nb5 a6 14. b4 Qb6 15. Nbd6 d3 16. Qxe6 Qxf2 17. Nh6+ Kh8 18. Ndf7+ Rxf7 19. Nxf7+ Kg8 20. Nd6+ Kh8 21. Be3 Qh4+ 22. Kg1 h6 23. Nf7+ Kh7 24. Bxd3+ g6 25. Qe7 1-0

[Event "Kirov Chudinovskikh Memorial 2nd"]
[Site "Kirov"]
[Date "2015.07.14"]
[Round "8"]
[White "Dvinskikh, Leonid"]
[Black "Uraev, Ivan"]
[Result "1/2-1/2"]
[WhiteElo "2041"]
[BlackElo "2254"]
[PlyCount "160"]
[EventDate "2015.07.02"]
[EventType "tourn"]
[EventRounds "10"]
[EventCountry "RUS"]
[SourceTitle "EXT 2016"]
[Source "ChessBase"]
[SourceDate "2015.10.08"]
[SourceVersion "1"]
[SourceVersionDate "2015.10.08"]
[SourceQuality "1"]

1. c4 c5 2. Nc3 e6 3. e3 Nf6 4. d4 cxd4 5. exd4 d6 6. Nf3 Be7 7. Be2 0-0 8. 0-0 a6 9. b3 Nbd7 10. Bb2 Re8 11. Nd2 Rb8 12. a4 b6 13. Bf3 Qc7 14. Rc1 h6 15. Re1 Nf8 16. Nf1 Ng6 17. g3 Bb7 18. Ne3 Bf8 19. Kg2 Ne7 20. Bxb7 Qxb7+ 21. Qf3 Nc6 22. Ne4 Nxe4 23. Qxe4 Nb4 24. Qxb7 Rxb7 25. Red1 b5 26. Ba3 bxa4 27. bxa4 a5 28. Rb1 Reb8 29. Rb2 d5 30. c5 Nc6 31. Rdb1 Rxb2 32. Rxb2 Rxb2 33. Bxb2 g5 34. f4 Bg7 35. Nc2 Kh7 36. Kf3 Kg6 37. Kg4 Bf6 38. Bc3 h5+ 39. Kf3 Bg7 40. Ke3 h4 41. Kf3 hxg3 42. hxg3 Kh5 43. Bb2 gxf4 44. gxf4 Kh4 45. Bc3 Kh3 46. Bb2 Kh2 47. Bc3 Kg1 48. Bb2 Kf1 49. Bc3 f5 50. Bb2 Bf6 51. Bc3 Bh4 52. Ne3+ Kg1 53. Nc2 Bf2 54. Bb2 Kf1 55. Bc3 Bg1 56. Bb2 Bf2 57. Bc3 Bh4 58. Ne3+ Kg1 59. Nc2 Bf6 60. Bb2 Kh2 61. Bc3 Kh3 62. Bb2 Kh4 63. Bc3 Kh5 64. Bb2 Kg6 65. Ke3 Kf7 66. Bc3 Ke7 67. Na3 Kd7 68. Nb5 Bd8 69. Nd6 Bc7 70. Nb5 Bb8 71. Na3 Kc7 72. Nc2 Kb7 73. Ne1 Bc7 74. Nf3 Kc8 75. Ng5 Kd7 76. Nf3 Ne7 77. Nh4 Ke8 78. Kf3 Kf7 79. Bd2 Nc6 80. Bc3 Bd8 1/2-1/2

[Event "Kirov Chudinovskikh Memorial 2nd"]
[Site "Kirov"]
[Date "2015.07.02"]
[Round "1"]
[White "Uraev, Ivan"]
[Black "Trifonov, Pavel"]
[Result "1-0"]
[WhiteElo "2254"]
[BlackElo "2254"]
[PlyCount "127"]
[EventDate "2015.07.02"]
[EventType "tourn"]
[EventRounds "10"]
[EventCountry "RUS"]
[SourceTitle "EXT 2016"]
[Source "ChessBase"]
[SourceDate "2015.10.08"]
[SourceVersion "1"]
[SourceVersionDate "2015.10.08"]
[SourceQuality "1"]

1. Nf3 e6 2. b3 Nf6 3. Bb2 c5 4. e3 a6 5. c4 d5 6. Be2 Nc6 7. cxd5 exd5 8. d3 Bd6 9. Nbd2 0-0 10. Rc1 Re8 11. 0-0 Bf5 12. a3 Rc8 13. Re1 h6 14. Bf1 Bh7 15. Rc2 b5 16. Qa1 c4 17. bxc4 bxc4 18. Rc3 cxd3 19. Bxd3 Ne4 20. Bxa6 Nxc3 21. Bxc3 Ra8 22. Bb5 Rxa3 23. Qb2 d4 24. Nxd4 Nxd4 25. Bxd4 Re6 26. Nc4 Ra8 27. Bxg7 Be4 28. Nxd6 Qxd6 29. Bd4 Rb8 30. Rc1 Bd3 31. Rc5 Bxb5 32. Rxb5 Rxb5 33. Qxb5 Qc6 34. Qb2 Qe4 35. f3 Qc6 36. h3 Qe8 37. Qb7 Rc6 38. Kh2 Rg6 39. Qc7 Rc6 40. Qf4 Rg6 41. h4 Qb5 42. Qc7 Qe8 43. h5 Rg5 44. g4 Rb5 45. Kh3 Rd5 46. Qf4 Kh7 47. Qf6 Qg8 48. Be5 Qf8 49. f4 Rc5 50. Bd6 Qa8 51. Qxf7+ Kh8 52. Qf6+ Kh7 53. Qg6+ Kh8 54. Qxh6+ Kg8 55. Qg6+ Kh8 56. Qf6+ Kh7 57. Qe7+ Kg8 58. Bxc5 Qh1+ 59. Kg3 Qe1+ 60. Kf3 Qf1+ 61. Ke4 Qc4+ 62. Ke5 Qc3+ 63. Kf5 Qd3+ 64. e4 1-0

[Event "Kirov Arakelian Memorial-A 5th"]
[Site "Kirov"]
[Date "2015.05.04"]
[Round "3"]
[White "Dvinskikh, Leonid"]
[Black "Uraev, Ivan"]
[Result "0-1"]
[WhiteElo "2078"]
[BlackElo "2241"]
[PlyCount "97"]
[EventDate "2015.05.03"]
[EventType "tourn"]
[EventRounds "7"]
[EventCountry "RUS"]
[SourceTitle "EXT 2018"]
[Source "ChessBase"]
[SourceDate "2017.10.13"]
[SourceVersion "1"]
[SourceVersionDate "2017.10.13"]
[SourceQuality "1"]

1. d4 Nf6 2. Nf3 e6 3. c4 c5 4. e3 cxd4 5. exd4 d5 6. Nc3 Bb4 7. Bd3 Bxc3+ 8. bxc3 dxc4 9. Bxc4 Qc7 10. Bb5+ Bd7 11. Qb3 0-0 12. Be2 Nc6 13. 0-0 Na5 14. Qc2 Rfc8 15. Bb2 Bc6 16. Ne5 Bd5 17. Rfc1 Nc4 18. Nxc4 Bxc4 19. Bxc4 Qxc4 20. Qb3 Nd5 21. g3 Rc7 22. Qxc4 Rxc4 23. a4 a5 24. Ra3 Ra6 25. Rca1 Rb6 26. R1a2 g5 27. Kf1 Kg7 28. Ke2 Kg6 29. Kd3 Rbc6 30. Rb3 b6 31. Ra1 h5 32. Rba3 Kf5 33. h3 f6 34. Re1 h4 35. Ba1 e5 36. dxe5 fxe5 37. Bb2 e4+ 38. Kd2 e3+ 39. fxe3 hxg3 40. Rg1 Nf6 41. Kd3 Ne4 42. Ba1 Ke5 43. Rg2 Kd5 44. Bb2 Rf6 45. Ra1 Rf2 46. Rxf2 gxf2 47. Ke2 Rc7 48. Rd1+ Kc6 49. c4 0-1

[Event "Kirov-ch"]
[Site "Kirov"]
[Date "2015.04.02"]
[Round "1"]
[White "Uraev, Ivan"]
[Black "Dvinskikh, Leonid"]
[Result "1/2-1/2"]
[WhiteElo "2266"]
[BlackElo "2071"]
[PlyCount "32"]
[EventDate "2015.04.02"]
[EventType "tourn"]
[EventRounds "11"]
[EventCountry "RUS"]
[SourceTitle "CBM 166 Extra"]
[Source "ChessBase"]
[SourceDate "2015.06.18"]
[SourceVersion "1"]
[SourceVersionDate "2015.06.18"]
[SourceQuality "1"]

1. e4 e5 2. Nc3 Nf6 3. g3 d5 4. exd5 Nxd5 5. Bg2 Nxc3 6. bxc3 Nc6 7. d3 Be6 8. Nf3 Be7 9. 0-0 0-0 10. Qe2 Bd6 11. Ng5 Bd7 12. Rb1 Rb8 13. Ne4 Be7 14. Be3 b6 15. f4 f5 16. Nd2 Bf6 1/2-1/2